Normal view
MARC view
- Huebner, Kenneth.H Smith, Douglas.E Byron, Ted.G
Entry Personal Name
001 - CONTROL NUMBER
- control field: 59769
003 - CONTROL NUMBER IDENTIFIER
- control field: NUST
005 - DATE AND TIME OF LATEST TRANSACTION
- control field: 20210628202412.0
008 - FIXED-LENGTH DATA ELEMENTS
- fixed length control field: 210628|| aca||aabn | a|a d
040 ## - CATALOGING SOURCE
- Original cataloging agency: NUST
- Transcribing agency: NUST
100 ## - HEADING--PERSONAL NAME
- Personal name: Huebner, Kenneth.H Smith, Douglas.E Byron, Ted.G
670 ## - SOURCE DATA FOUND
- Source citation: Work cat.: (NUST): Huebner, Kenneth.H Smith, Douglas.E Byron, Ted.G, The finite element methods for engineers, 2001
